Телеграммы о возвращении и зам. председателя Совнаркома Цюрупы из Берлина

RUSMARC
00005069cbc2a2200289#x 450
001738fa686-eede-4d72-bd9b-88dfe6fd5255
00520230808135846.0
100##$a20171115l19221922k y0rusy50 ca
1010#$arus
$ager
102##$aRU
105##$ay z |||||
1222#$ad19221107
$ad19221117
2001#$aТелеграммы о возвращении и зам. председателя Совнаркома Цюрупы из Берлина
$j7-17 ноября 1922
215##$a6 листов
251##$cДело
300##$aНа папке дела: 23 мая 1922 г. - 17 ноября 1922 г.
300##$aРоссыпь
300##$aЧасть текста на немецком языке
300##$aМашинописный текст
330##$aВходит в раздел описи: VI. Бюро телеграмм. 18. Телеграммы общего характера
461#0$1001ad6baeac-e292-4829-90d1-2f4f65796a62
$12001
$aСОВЕТ НАРОДНЫХ КОМИССАРОВ РСФСР (СНК РСФСР)
$1251
$cФонд
$1852
$gР
$j130
462#0$1001edfd37f9-d4a8-40e3-8015-e88afb5d9294
$12001
$a1922 г.
$vД. 379
$1251
$cОпись
$1852
$j6
801#0$aRU
$bGA_RF
801#1$aRU
$bАО "НПО Опыт"
$c20171115
$2rusmarc
801#2$aRU
$bПБ им. Б.Н. Ельцина
$c20171213
$gRCR
$2rusmarc
852##$aГА РФ
$j379
937##$d111669295
$hПБ
035##$aRuPRLIB51053628
856##$uhttp://readingroom.main.prlib.ru/item.aspx?id_node=n111669295&mode=full
850##$aГосударственный архив Российской Федерации
600#1$2nlr_sh1
$3RU\NLR\AUTH\66618546
$aЦюрупа
$gАлександр Дмитриевич
$bА.Д.
$f1870 - 1928
$jАрхивные дела
607##$2nlr_sh
$3RU\NLR\AUTH\661358993
$aРоссия
$xИстория
$z1917 - 1922
$jАрхивные дела
686##$2rubbk
$a63.3(2)613ю11
$vLBC/M
605##$2acquisition_Prlib
$3DITM\AF\0000002775
$aВласть
$lколлекция
605##$aРоссия в лицах
$lколлекция
$2acquisition_Prlib
$3DITM\AF\0000004166
Формат отображения